Regenerácia použitej kyseliny sírovej
Saved in:
| Main Author: | |
|---|---|
| Other Authors: | |
| Format: | Manuscript Book |
| Language: | Slovak |
| Published: |
2016
|
| Subjects: | |
| Online Access: | http://is.stuba.sk/zp/portal_zp.pl?podrobnosti=101588 |
| Tags: |
No Tags, Be the first to tag this record!
|
MARC
| LEADER | 00000ntm a22000003a 4500 | ||
|---|---|---|---|
| 001 | stuzp59234 | ||
| 003 | SK-STU | ||
| 005 | 20160719155812.8 | ||
| 007 | ta | ||
| 008 | 150427s2015----xo-----f-mn---000-0-slo-d | ||
| 040 | |a STU |b slo | ||
| 041 | 0 | |a slo | |
| 100 | 1 | |a Didiková, Veronika |u 046230 |4 aut |U FCHPT Ústav chemického a environmentálneho inžinierstva |T FCHPT Oddelenie chemického a biochemického inžinierstva |X 61020 |U C6230 |Y 119 |7 61020 | |
| 242 | 0 | 1 | |a Regeneration of Spent Sulfuric Acid |y eng |
| 245 | 1 | 0 | |a Regenerácia použitej kyseliny sírovej |
| 260 | |c 2016 | ||
| 650 | 4 | |a kyselina sírová |2 slo | |
| 650 | 4 | |a regenerácia |2 slo | |
| 650 | 4 | |a WSA proces |2 slo | |
| 650 | 4 | |a sulfuric acid |2 eng | |
| 650 | 4 | |a regeneration |2 eng | |
| 650 | 4 | |a WSA process |2 eng | |
| 700 | 1 | |a Dudáš, Jozef |u 046000 |k Z1 |4 ths |U FCHPT Fakulta chemickej a potravinárskej technológie |T FCHPT Ústav chemického a environmentálneho inžinierstva |X 60873 |U C6000 |Y 104 |7 A000060873 | |
| 856 | 4 | |u http://is.stuba.sk/zp/portal_zp.pl?podrobnosti=101588 | |
| SQL | |a stuzp59234 |b DBP |c SLO |d Regenerácia použitej kyseliny sírovej |e 61020 |f Didiková, Veronika |g 046230 |h 60873 |i Dudáš, Jozef |j 20160712 |k 106 |l 04 |m http://is.stuba.sk/zp/portal_zp.pl?podrobnosti=101588 |n B-CHI |o 5.2.17. chemické inžinierstvo | ||